000 00803nam a2200193Ia 4500
003 OSt
005 20250409115613.0
008 210210b2006 xxu||||| |||| 00| 0 eng d
040 _cAL
041 _aKannada
082 _a039.4K KUVK
100 _aKUVEMPU KANNADA ADHYAYANA SAMSTE MAISURU VISHVAVIDYANILAYA
_987173
_bಕುವೆಂಪು ಕನ್ನಡ ಅಧ್ಯಯನ ಸಂಸ್ಥೆ ಮೈಸೂರು ವಿಶ್ವವಿದ್ಯಾನಿಲಯ
245 _aKannada vishaya vishvakosha: Pranivijnana
_bಕನ್ನಡ ವಿಷಯ ವಿಶ್ವಕೋಶ : ಪ್ರಾಣಿವಿಜ್ಞಾನ
260 _aMaisuru
_bKuvempu Kannada Adyayana Samsthe, Mysore Vishvavidyanilaya.,
_c2006
300 _a1184
690 _aEncyclopaedia
_987174
906 _a063295
942 _2ddc
_cBK
999 _c136842
_d136842